Normal view
MARC view
Entry Personal Name
001 - CONTROL NUMBER
- control field: 24616
003 - CONTROL NUMBER IDENTIFIER
- control field: dpl
005 - DATE AND TIME OF LATEST TRANSACTION
- control field: 20101206143634.0
008 - FIXED-LENGTH DATA ELEMENTS
- fixed length control field: 101206|||a|||||| | ||| d
040 ## - CATALOGING SOURCE
- Original cataloging agency: dpl
- Transcribing agency: dpl
100 ## - HEADING--PERSONAL NAME
- Personal name: Apffel-Marglin, Frédérique
670 ## - SOURCE DATA FOUND
- Source citation: Work cat.: (dpl): Interrogating development :, 2010
670 ## - SOURCE DATA FOUND
- Source citation: Work cat.: (dpl): Interrogating development :, 2010
